| 000 | 00859nam0a22002771 4500 | ||
|---|---|---|---|
| 001 | rc\3218149 | ||
| 005 | 20250530103633.0 | ||
| 021 |
_aRU _b[74-55123] |
||
| 035 | _a(NLR Aleph) 007363002 | ||
| 090 |
_a6327213 _c6327213 |
||
| 100 | _a20130115d1974 |||y0rusy50 ca | ||
| 101 | 1 |
_arus _clav |
|
| 102 | _aRU | ||
| 105 | _aa z |||a| | ||
| 200 | 1 |
_aЖатва мака _eСтихи _f[Авториз. пер. с латыш. Л. Романенко и С. Вольского] |
|
| 210 |
_aРига _cЛиесма _d1974 |
||
| 215 |
_a94 с. _cил. _d14 |
||
| 300 | _aАвт. указан на обл. | ||
| 700 | 1 |
_aЮрциньш _bП. _f1932- _gПетерис |
|
| 702 | 1 |
_aРоманенко _bЛ. _4730 |
|
| 702 | 1 |
_aВольский _bС. _4730 |
|
| 801 | 0 |
_aRU _bNLR _gpsbo |
|
| 801 | 1 |
_aRU _bELAR _2rusmarc |
|
| 852 |
_aNLR _j74-1/121 |
||
| 942 | _cBOOK | ||
| 980 | _aNB | ||